000 00460nam a2200181Ia 4500
001 11970
005 20260306162907.0
008 260306t2012||||xx |||||||||||||| ||spa||
041 _aESP
082 _aHR 340
_bDIC 2012 DIKAION.2
110 _aUniversidad de La Sabana
245 0 _aDíkaion:
_brevista de fundamentación jurídica
260 _c2012
300 _a000 páginas :
_c24 cm.
650 _aGEN
654 _aCDE
942 _cREV
_dJUS
_fJUS
_2ddc
_n
999 _c11970
_d11970